Moisture content fluctuations of regrowth Jarrah and Karri under different environmental conditions

Bibliographic Details
Main Author: NEWBY
Corporate Author: Wood Utilisation Research Centre (W. A.)
Other Authors: Brennan 1958-
Format: Book
Published: (Harvey, W. A.) : Wood Utilisation Research Centre , 1990
Subjects:

MARC

LEADER 00000cam a2200000 7i4500
001 0000002219
005 20030329.0
090 0 0 |a 330.17498   |b NEW 1990 
100 1 0 |a NEWBY   |h P. 
245 1 0 |a Moisture content fluctuations of regrowth Jarrah and Karri under different environmental conditions   |c P. Newby and G. K. Brennan 
260 0 0 |a (Harvey, W. A.) :   |b Wood Utilisation Research Centre ,   |c 1990 
300 |a v, 8 p. :   |b ill. ;   |c 30 cm. 
500 0 0 |a Bibliography : p. 8 
650 0 0 |a Jarrah   |z Western Australia   |x Moisture 
650 0 0 |a Jarrah   |z Western Australia   |x Preservation 
650 0 0 |a Karri   |z Western Australia   |x Moisture 
650 0 0 |a Karri   |z Western Australia   |x Preservation 
650 0 0 |a Lumber   |x Drying 
700 0 1 |a Brennan   |h G. K. ,   |c 1958- 
710 1 1 |a Wood Utilisation Research Centre (W. A.) 
998 |a JPSM 
999 |a 0000003866   |b Monograph   |c Open Shelf   |e Default branch